Tendencie vývoja patentovej ochrany duševného vlastníctva v SR

Druhy patentovej ochrany. Výhody patentovej ochrany duševného vlastníctva. Vývoj patentovej ochrany na Slovensku. Počet patentových prihlášok podaných v SR (2005-2014). Udelené patenty v SR.

Gespeichert in:
Bibliographische Detailangaben
1. Verfasser: Šagátová, Slavka, 1975-
Format: Buchkapitel
Sprache:Slowakisch
Schlagworte:
Tags: Tag hinzufügen
Keine Tags, Fügen Sie das erste Tag hinzu!

MARC

LEADER 00000nla a2200000 4500
001 0214413
005 20240527082636.9
041 0 |a slo 
044 |a SK 
245 1 0 |a Tendencie vývoja patentovej ochrany duševného vlastníctva v SR  |c Slávka Šagátová 
520 |a Druhy patentovej ochrany. Výhody patentovej ochrany duševného vlastníctva. Vývoj patentovej ochrany na Slovensku. Počet patentových prihlášok podaných v SR (2005-2014). Udelené patenty v SR. 
610 2 0 |a patenty 
610 2 0 |a vlastníctvo duševné 
610 2 0 |a výhody konkurenčné 
610 2 0 |a Slovensko 
100 1 |a Šagátová, Slavka, 1975-